00848 2200301 4500001002100000005001500021035002000036007000300056008004100059020002200100040001700122082001400139084001600153090001600169100002000185245007300205250003400278260003700312300004300349650002500392850001200417041000800429504003300437490002200470990001800492990001800510990001800528INLIS00000000081700120180926021916 a0010-0918000439ta180919s2016 yoia g ind d a978-602-6243-12-6 aYOPDYOGbind04223a362.1 a362.1 WAR p a362.1 WAR p0 aWaryana,d1964-0 aPromosi kesehatan, penyuluhan dan pemberdayaan masyarakat /cWaryana aCetakan pertama, Agustus 2016 aYogyakarta :bNuha Medika,c2016 axii, 408 halaman :bilustrasi ;c22 cm 4aKesehatan masyarakat aYOPDYOG0 aind aBibliografi: halaman 401-405 aSeri medical book a36406-PD/B.18 a36407-PD/B.18 a36408-PD/B.18